Lecciones de fútbol: el centro del campo

Uloženo v:
Podrobná bibliografie
Hlavní autor: Gandin, Manuel (Autor)
Médium: Kniha
Jazyk:španělština
Vydáno: Barcelona De Vecchi 1999
Témata:
Tagy: Přidat tag
Žádné tagy, Buďte první, kdo vytvoří štítek k tomuto záznamu!

MARC

LEADER 00000nam a2200000 a 4500
001 UCL0153
003 CL-VaPUC
008 030627e19990000SP |||||||||||||||||spa|d
082 0 4 |a 796.334  |b GAN  |2 21 
100 |a Gandin, Manuel  |e author  |9 476909 
245 1 0 |a Lecciones de fútbol: el centro del campo 
300 |a 139 p 
942 |c BK 
945 |d 20030627 00:00:00  |a cmena 
260 |a Barcelona  |b De Vecchi  |c 1999 
650 0 |a Fútbol  |9 307513 
650 7 |a ENTRENAMIENTO ATLETICO  |2 CL-VaPUC  |9 476899 
650 7 |a DEPORTES CON BALON  |2 CL-VaPUC  |9 476900 
583 |a last modification  |c 20030627 00:00:00  |k Rodrigo Vera 
999 |c 304172  |d 304170 
952 |0 0  |1 0  |4 0  |6 796_334000000000000_GAN_1999  |7 0  |8 A  |9 366057  |a BIBEDU  |b BIBEDU  |d 2019-11-21  |i 3917975  |o 796.334 GAN 1999  |p 3917975  |r 2019-11-21  |w 2019-11-21  |y BK  |k EFI